| 000 | 00481nam a2200157 a 4500 | ||
|---|---|---|---|
| 001 | 000027285 | ||
| 005 | 20200930030726.0 | ||
| 008 | 110331s1983 dr d 000 0 spa d | ||
| 040 |
_aDO-SdBNP _bspa _cBNPHU |
||
| 082 |
_axxxx _bB171 |
||
| 110 | 1 |
_aRepública Dominicana. _bInstituto Nacional de Formación Técnico Profesional _954362 |
|
| 245 | 1 | 0 | _aBalance de actividades 1982. |
| 260 |
_aSanto Domingo : _bINFOTEP, _c1983. |
||
| 300 |
_a10 p. : _bgráf. ; _c24 cm. |
||
| 049 | _aBNPD | ||
| 999 |
_c26777 _d26777 |
||